00639nam a2200205Ia 4500003000900000008004100009040001300050040001300063041000800076100001700084245006000101250001100161260001500172260000900187300000800196490000600204942000700210999001700217952019900234IT-RoPAU120407s9999 xx 000 0 und d aIT-RoPAU cIT-RoPAU aita aA. Deissler aL’Antico Testamento nella recente esegesi cattolica aTorino aElle Di Ci c1968 c cm v1 cBK c14083d14083 00102ddc406220_600000000000000_971aPAULUSbPAULUSd2012-04-11l0o220.6.9r2012-04-11 00:00:00w2012-04-11yBKzInserito da: Mario In data: 06 agosto 2011 fondo: Via A.Severo 56 Progr:16610